| 000 | 00904nam a2200277 i 4500 | ||
|---|---|---|---|
| 001 | bg | ||
| 100 | 1 | _aKeller, Janusz Stanisław. | |
| 245 | 1 | 0 |
_aZarys bioenergetyki człowieka : _borganizm w ontogenezie / _cJanusz Stanisław Keller ; Szkoła Główna Gospodarstwa Wiejskiego w Warszawie. |
| 260 |
_aWarszawa : _bWydawnictwo SGGW, _c1997. |
||
| 300 |
_a145 s. : _brys., wykr. ; _c24 cm. |
||
| 504 | _aBibliogr. przy rozdz. | ||
| 650 | 9 | _aBioenergetyka | |
| 650 | 9 | _aPrzemiana materii | |
| 655 | _aPodręczniki akademickie | ||
| 710 | 0 | _aSzkoła Główna Gospodarstwa Wiejskiego (Warszawa) | |
| 020 | _a8300031138 | ||
| 040 | _cBPK | ||
| 041 | 0 | _apol | |
| 080 | _a577.3 | ||
| 080 | _a612.015 | ||
| 080 | _a(075.8) | ||
| 920 | _a83-00-03113-8 | ||
| 942 | _cKS | ||
| 008 | 991102s1997 pl f |000 0 pol | ||
| 999 |
_c41473 _d41473 |
||
| 856 |
_uhttp://koha.tu.koszalin.pl/cgi-bin/koha/opac-detail.pl?biblionumber=41473 _yKatalog online BPK |
||